INES access guide no.1 (Record no. 14414)

MARC details
000 -LEADER
fixed length control field 00657nam a2200193Ia 4500
003 - CONTROL NUMBER IDENTIFIER
control field IN-BaIIA
008 - FIXED-LENGTH DATA ELEMENTS--GENERAL INFORMATION
fixed length control field 211028s9999 xx 000 0 eng d
020 ## - INTERNATIONAL STANDARD BOOK NUMBER
International Standard Book Number 92-9092-544-2
040 ## - CATALOGING SOURCE
Transcribing agency IIA Library
080 ## - UNIVERSAL DECIMAL CLASSIFICATION NUMBER
Universal Decimal Classification number 52-76(036)
Item number INE
100 ## - MAIN ENTRY--PERSONAL NAME
Personal name Gomez de Castro, Ana I
9 (RLIN) 25574
245 #0 - TITLE STATEMENT
Title INES access guide no.1
Remainder of title international ultraviolet explorer -IUE newly extracted Spectra-Herbig-Haro Objects
Statement of responsibility, etc. Ana I Gomez de Castro; compiled by Angel Robles
260 ## - PUBLICATION, DISTRIBUTION, ETC.
Place of publication, distribution, etc. The Netherlands
Name of publisher, distributor, etc. European Space Agency
Date of publication, distribution, etc. 1999
300 ## - PHYSICAL DESCRIPTION
Extent vi, 166p.
490 ## - SERIES STATEMENT
Series statement SP-1237
650 ## - SUBJECT ADDED ENTRY--TOPICAL TERM
Topical term or geographic name entry element Ultraviolet explorer
9 (RLIN) 20950
700 ## - ADDED ENTRY--PERSONAL NAME
Personal name Robert, Angel., comp.
9 (RLIN) 25575
942 ## - ADDED ENTRY ELEMENTS (KOHA)
Koha item type Books
Holdings
Withdrawn status Lost status Damaged status Not for loan Home library Current library Shelving location Date acquired Total Checkouts Full call number Barcode Date last seen Price effective from Koha item type
        IIA Library-Bangalore IIA Library-Bangalore General Stacks 27/12/2001   52-76(036)/ INE 15334 05/11/2021 27/12/2001 Books

Powered by Koha